Objective biology for NEET (National Eligibility Cum Entrance Test) and other medical entrance examinations / (Record no. 158641)
[ view plain ]
| 000 -LEADER | |
|---|---|
| fixed length control field | 01375nam a22002777a 4500 |
| 005 - DATE AND TIME OF LATEST TRANSACTION | |
| control field | 20190805115318.0 |
| 010 ## - LCCN (DPL NO) | |
| LC control number | ENG-124462-63 B-728448-449 |
| 020 ## - INTERNATIONAL STANDARD BOOK NUMBER | |
| International Standard Book Number | 9789353062248(v.1) |
| Terms of availability | 350.00 |
| 020 ## - INTERNATIONAL STANDARD BOOK NUMBER | |
| International Standard Book Number | 9789353062255(v.2) |
| Terms of availability | 350.00 |
| 035 ## - SYSTEM CONTROL NUMBER | |
| System control number | EN-107994-95 |
| 035 ## - SYSTEM CONTROL NUMBER | |
| System control number | B-728448-449 |
| 037 ## - SOURCE OF ACQUISITION | |
| Source of stock number/acquisition | RK Books |
| 037 ## - SOURCE OF ACQUISITION | |
| Source of stock number/acquisition | DBAD/PUB |
| 082 ## - DEWEY DECIMAL CLASSIFICATION NUMBER | |
| Classification number | 570 |
| 100 ## - MAIN ENTRY--PERSONAL NAME | |
| Personal name | Rajiv Vijay |
| 245 ## - TITLE STATEMENT | |
| Title | Objective biology for NEET (National Eligibility Cum Entrance Test) and other medical entrance examinations / |
| Statement of responsibility, etc | by Rajiv Vijay ; edited by Nandini Basu [and] Vipin Kumar |
| 250 ## - EDITION STATEMENT | |
| Edition statement | 3rd ed |
| 260 ## - PUBLICATION, DISTRIBUTION, ETC. (IMPRINT) | |
| Place of publication, distribution, etc | Noida (U.P.) |
| Name of publisher, distributor, etc | Pearson |
| Date of publication, distribution, etc | 2019 |
| 270 ## - ADDRESS | |
| Address | 15th Floor, Tower-B, World Trade Tower, Plot No.1, Block-C, Sector 16 |
| City | Noida, U.P. |
| Postal code | 201301 |
| 300 ## - PHYSICAL DESCRIPTION | |
| Extent | 2v.(various pagings ; various pagings): |
| Dimensions | 24cm(pbk) |
| Other physical details | ill. |
| 505 ## - FORMATTED CONTENTS NOTE | |
| Formatted contents note | v.1- Diversity in the living world, structural organization in plants and animals, cell: structures and functions, plant physiology, human physiology ; v.2- Reproduction, genetics and evolution, Biology in human welfare, Biotechnology, Ecology. |
| 700 ## - ADDED ENTRY--PERSONAL NAME | |
| Personal name | Basu, Nandini |
| 700 ## - ADDED ENTRY--PERSONAL NAME | |
| Personal name | Vipin Kumar |
| 942 ## - ADDED ENTRY ELEMENTS (KOHA) | |
| Source of classification or shelving scheme | Dewey Decimal Classification |
| Item type | English Books |
| Classification part | 570 |
| Call number suffix | RAJ |
| Withdrawn status | Lost status | Materials specified (bound volume or other part) | Not for loan | Collection code | Home library | Current library | Date acquired | Source of acquisition | Cost, normal purchase price | Full call number | Barcode | Copy number | Cost, replacement price | Koha item type | Public note |
|---|---|---|---|---|---|---|---|---|---|---|---|---|---|---|---|
| vol.1 | Not For Loan | Non-fiction | D.B.Act.Division | Bawana | 10/11/2018 | DBAD/PUB | 350.00 | 570 RAJ | EN-107994 | 1 | 350.00 | English Books | |||
| vol.2 | Not For Loan | Non-fiction | D.B.Act.Division | Bawana | 10/11/2018 | DBAD/PUB | 350.00 | 570 RAJ | EN-107995 | 1 | 350.00 | English Books | |||
| Vol.1 | Non-fiction | Kadipur | Kadipur | 05/07/2019 | RK Books/IN569/2019-20/17.06.2019/09/06.06.2019/28.06.2019 | 350.00 | 570 RAJ | B-728448 | 1 | 350.00 | English Books | Spl. power | |||
| Vol. 2 | Non-fiction | Kadipur | Kadipur | 05/07/2019 | RK Books/IN569/2019-20/17.06.2019/09/06.06.2019/28.06.2019 | 350.00 | 570 RAJ | B-728449 | 1 | 350.00 | English Books | Spl. power |
